Statistiques concernant Pays avec le plus de parcs nationaux

Cliquez ici pour prendre le quiz!

Statistiques générales

  • Ce quiz a été pris 82 fois
  • Le résultat moyen est 14 sur 21

Statistiques - réponses

Nombre de P.N.Pays% Correct
685Australie
96%
43Canada
95%
70Brésil
93%
208Chine
93%
59États-Unis
93%
66Mexique
92%
48Russie
92%
33Argentine
89%
166Inde
88%
37Chili
80%
30Japon
77%
59Colombie
73%
50Indonésie
70%
46Norvège
55%
43Venezuela
54%
39Finlande
53%
41Turquie
51%
138Thaïlande
50%
54Philippines
36%
56Belize
4%
69Israël
4%

Distribution des résultats

Percentile par nombre de réponses

% des personnes avec chaque résultat

Votre développement - résultats

Vous n’avez pas pris ce quiz